| 000 | 00633nam a22002177a 4500 | ||
|---|---|---|---|
| 005 | 20230106152403.0 | ||
| 008 | 230106b ||||| |||| 00| 0 eng d | ||
| 040 | _cAL | ||
| 041 | _aeng | ||
| 082 |
_223 _a342.54 _bPALO |
||
| 100 |
_aN A Palkhivala _968781 |
||
| 245 | _aOur constitution defaced and defiled | ||
| 260 |
_aDelhi _bMacmillan _c1974 |
||
| 300 |
_axii,175p. _bPB _c21x14cm |
||
| 365 |
_2Political Science _b8.00 _c₹ _d8.00 |
||
| 650 |
_aHuman Right and the rule of Law _968777 |
||
| 650 |
_aFundamental Rights _968778 |
||
| 650 |
_aRight to Property _968779 |
||
| 700 |
_aPALKHIVALA (N A) _968780 |
||
| 942 |
_2ddc _cDB |
||
| 999 |
_c226308 _d226308 |
||